| 000 | 01136njm a22002657a 4500 | ||
|---|---|---|---|
| 005 | 20100906110713.0 | ||
| 007 | sd ammalaaahaa | ||
| 008 | 100830t xxu||||| |||| 00| 0 hin d | ||
| 028 |
_aN. 53760 _bHis Master's Voice |
||
| 035 | _aGR-835 | ||
| 040 | _aSED/VEN | ||
| 100 |
_917458 _aMangeshkar, Lata |
||
| 245 |
_aJawan mohabbat bhag 1 / _cby Lata Mangeskar & Mukesh ; music Dtn. Snehal ; lyric Kidar Sharma _h[Sound recording] : |
||
| 246 | _aजवान मोहब्बत (लता मंगेशकर) | ||
| 260 |
_aDum Dum, India _bHis Master's Voice |
||
| 300 |
_a1 Sound disc [Gramophone Record] : _banlog, 33 1/3 rpm _c10 in (LP) _fGramophone Records |
||
| 500 | _aBrief record | ||
| 505 | _aJawan mohabbat, sochata hun yah kya kiya (जवान मोहब्बत) (सोचता हूँ यह क्या किया) भाग. 2 | ||
| 650 |
_aClasical music _91186 _zIndia _xExcerpts |
||
| 700 |
_917459 _aMukesh |
||
| 700 |
_aDtn. Snehal _918539 |
||
| 700 |
_aSharma, Kidar _918530 |
||
| 942 |
_2ddc _cGR |
||
| 999 |
_c43944 _d43944 |
||